| 000 | 01317nam a2200313 c 4500 | ||
|---|---|---|---|
| 003 | BLK | ||
| 005 | 20190112151630.0 | ||
| 008 | 180412b bul|||||r ||||||| ||bul|| | ||
| 010 | _aKNG00009096000 | ||
| 020 |
_a954-568-023-7 _bиздат.: Люрен |
||
| 040 | _aBLK | ||
| 041 |
_aBUL _cBUL |
||
| 080 |
_aСтатистиката като наука. Теория на статистиката _b311 _x(075.8) _z311(075.8) |
||
| 100 | 1 |
_aСъйкова, Иванка Димова _eпърви автор _9252876 |
|
| 700 | 1 |
_aТодорова, София Стефанова _eсъавт. _9252877 |
|
| 139 |
_aСъйкова, Иванка Димова и др. _bС 96 |
||
| 245 | 1 | 0 |
_aСтатистическото изследване _bПостановка, методи, оценка на резултатите _cИванка Димова Съйкова; съавт. София Стефанова Тодорова. |
| 257 | _aBGR | ||
| 260 |
_аСофия _bЛюрен _c1994 |
||
| 300 |
_a320 с. _bс табл., диагр. _c24 см |
||
| 380 | _a3 | ||
| 500 | _aДеп. списък: 40 ; 3 000 тир. | ||
| 650 | 4 |
_aСтатистика - учебници _9246010 |
|
| 852 | _aЦб 183911 | ||
| 856 | 4 |
_qpdf _u |
|
| 856 | 4 |
_qpdf _u |
|
| 942 |
_cKNG _n0 _01 |
||
| 944 |
_aCR _c15.01.2003 _kКети_Илиева |
||
| 944 |
_aED _c09.06.2014 _k |
||
| 999 |
_c7768 _d7768 |
||